000 00303nam a22001337a 4500
008 181106b xxu||||| |||| 00| 0 eng d
020 _a9780495257431
041 _aeng
080 _a371
100 _a46
101 _aEDU
245 _aConnections to College Success
_cSantrock,J.W
942 _2udc
_cBK
999 _c52024
_d52024